| 000 | 00427pab a2200157 454500 | ||
|---|---|---|---|
| 008 | 180718b2006 xxu||||| |||| 00| 0 eng d | ||
| 100 | _aNolan, Paul | ||
| 245 | _aWhy G.A. Cohen can't appeal to Charles Darwin to help him defend Karl Marx (but why others can) | ||
| 260 | _c2006 | ||
| 300 | _ap.155-79. | ||
| 362 | _aApr | ||
| 650 | _aMarx, Karl | ||
| 650 | _aCohen, G.A. | ||
| 773 | _aScience and Society | ||
| 909 | _a71846 | ||
| 999 |
_c71846 _d71846 |
||